=LDR 00000nam 2200000 4500 =001 INLIS000000000022700 =005 20130612121431 =008 ***********************************Ind** =035 ##$$0010-061300000022700 =041 ##$$a Ind =082 ##$$a 398.209 598 21 =090 ##$$a 398.209 598 21, Suk c =100 ##$$a Sukirno, Ade =245 ##$$a Cerita rakyat jawa Barat Cai-Rebon =260 ##$$a 1993 $b Jakarta =300 ##$$a 56 hlm, ilus, 21 cm =650 ##$$a Cerita Rakyat Jawa Barat =850 ##$$a NBPNMAT